| 000 | 00392 a2200121 4500 | ||
|---|---|---|---|
| 001 | ART_11016 | ||
| 005 | 20260410161849.0 | ||
| 008 | 260409a | ||
| 245 | 1 | 0 | _aLiberalización del crecimiento y equidad en la economía abierta |
| 100 | 1 | _aMartirena-Mantel, Ana María | |
| 700 | 1 | _aMantel, Rolf R. | |
| 773 | 0 |
_tEconómica _g- Año XXXIII,Nº 2 (jul./dic. 1987) _wREV7541 |
|
| 999 |
_c24859 _d24859 |
||